Estatísticas para Campeões Brasileiros de Basquete

Clique aqui para jogar o quiz

Estatísticas Gerais

  • Esse quiz foi jogado 1 999 vezes
    (1 529 desde o último reset)
  • A pontuação média é 13 de 24

Estatísticas das Respostas

AnoTorneioEstadoCampeão% Correto
2020, 2018, 2015-12, 2008NBBRJFlamengo
97%
2008NacionalRJFlamengo
97%
1969, 1966-65TaçaSPCorinthians
83%
1996NacionalSPCorinthians
83%
1994NacionalRSUnião Corinthians
83%
2001-00NacionalRJVasco da Gama
72%
1977TaçaSPPalmeiras
68%
2021NBBSPFranca
67%
1981.2, 1980, 1975-74, 1971TaçaSPFranca
67%
1999-97, 1993, 1991-90NacionalSPFranca
67%
1967TaçaRJBotafogo
63%
2011-09NBBDFBrasília
58%
2007NacionalDFBrasília
58%
2002NacionalSPBauru
53%
2016NBBSPBauru
53%
2017NBBSPPaulistano
39%
2005NacionalRJTelemar/Rio
25%
1981.1TaçaSPSão José
24%
2004NacionalMGUberlândia
21%
1988, 1983, 1979-78, 1972, 1970, 1968TaçaSPSírio
19%
2003NacionalSPCOC/Ribeirão Preto
17%
1995, 1992NacionalSPRio Claro
15%
1973TaçaGOVila Nova
15%
1987-84, 1982TaçaSPMonte Líbano
13%

Distribuição das Pontuações

Percentil de Números Respondidos

Porcentagem de Pessoas com Cada Pontuação

Sua Pontuação Histórica

Você não jogou esse quiz desde o último reset